Peri herméneias = De interpretatione /
Guardado en:
| Autor Principal: | |
|---|---|
| Otros Autores: | , |
| Formato: | Libro |
| Idioma: | Spanish |
| Publicado: |
Valencia :
Revista Teorema,
1977.
|
| Series: | Cuadernos Teorema ;
16 |
| Materias: | |
| Etiquetas: |
Agregar Etiqueta
Sin Etiquetas, Sea el primero en etiquetar este registro!
|
| LEADER | 00808cam a22002295a 4500 | ||
|---|---|---|---|
| 001 | MAT.inmabb004377 | ||
| 008 | 860127s1977####sp############000#0#spa## | ||
| 005 | 20160520174737.0 | ||
| 245 | 1 | 0 | |a Peri herméneias = De interpretatione / |c Aristóteles ; introducción y versión castellana de Alfonso García Suárez y Julián Velarde Lombraña. |
| 260 | |a Valencia : |b Revista Teorema, |c 1977. | ||
| 300 | |a vii p., 28 h. ; |c 22 cm. | ||
| 440 | 0 | |a Cuadernos Teorema ; |v 16 | |
| 020 | |a 8437000424 | ||
| 100 | 0 | |a Aristóteles. | |
| 700 | 1 | |a García Suárez, Alfonso. |4 trl | |
| 700 | 1 | |a Velarde Lombraña, Julián. |4 trl | |
| 246 | 3 | 1 | |a De interpretatione. |
| 084 | |a 03A05 |2 msc2000 | ||
| 650 | 0 | |a Logic |y Early works to 1800. | |
| 010 | |a 79415020 | ||
| 040 | |a DLC |c CarP |d DLC | ||
| 859 | |h 03 |i Ar717 |p A-4633 |b BIB. MATEMATICA | ||
